El Orinoco ilustrado
محفوظ في:
| المؤلف الرئيسي: | |
|---|---|
| التنسيق: | كتاب |
| اللغة: | الإسبانية |
| منشور في: |
Madrid
M. Aguilar
1900
|
| سلاسل: | España Misionera, 3
|
| الموضوعات: | |
| الوسوم: |
إضافة وسم
لا توجد وسوم, كن أول من يضع وسما على هذه التسجيلة!
|
MARC
| LEADER | 00000nam a2200000 a 4500 | ||
|---|---|---|---|
| 001 | UCO0988 | ||
| 003 | CL-VaPUC | ||
| 008 | 000505e19000000SP |||||||||||||||||spa|d | ||
| 082 | 0 | 4 | |a 987.03 |b GUM |2 21 |
| 100 | |a Gumilla, José |e author |9 442697 | ||
| 245 | 1 | 3 | |a El Orinoco ilustrado |
| 300 | |a 519 p | ||
| 942 | |c BK | ||
| 945 | |d 20000505 00:00:00 |a lriquelm | ||
| 260 | |a Madrid |b M. Aguilar |c 1900 | ||
| 650 | 0 | |a Historia venezolana |9 393448 | |
| 650 | 0 | |a Epoca colonial |9 352022 | |
| 650 | 7 | |a INDIOS |2 CL-VaPUC |9 258588 | |
| 650 | 0 | |a Costumbres y tradiciones |9 268292 | |
| 650 | 7 | |a RITOS |2 CL-VaPUC |9 337654 | |
| 650 | 0 | |a Ceremonias |9 337653 | |
| 650 | 0 | |a Aspectos económicos |9 255165 | |
| 650 | 0 | |a Fuerzas Armadas |9 255504 | |
| 650 | 0 | |a Animales |9 269820 | |
| 650 | 0 | |a Tribus |9 353059 | |
| 650 | 0 | |a Agricultura |9 255598 | |
| 651 | 7 | |a RIO ORINOCO |2 CL-VaPUC |9 394896 | |
| 651 | 0 | |a Venezuela |9 254993 | |
| 583 | |a last modification |c 20000505 00:00:00 |k Rodrigo Vera | ||
| 490 | 0 | |a España Misionera, 3 | |
| 999 | |c 287623 |d 287621 | ||
| 952 | |0 0 |1 0 |4 0 |6 987_030000000000000_GUM_1900 |7 0 |8 A |9 334560 |a BIBHIS |b BIBHIS |d 2019-11-20 |i 1257730 |o 987.03 GUM 1900 |p 1257730 |r 2025-01-20 |w 2019-11-20 |y BK |k HIS | ||
| 952 | |0 0 |1 0 |4 0 |6 987_030000000000000_GUM_1900 |7 0 |8 A |9 334561 |a BIBHIS |b BIBHIS |d 2019-11-20 |i 1257749 |o 987.03 GUM 1900 |p 1257749 |r 2025-01-20 |w 2019-11-20 |y BK |k HIS | ||